| Tag |
First Indicator |
Second Indicator |
Subfields |
| LEADER |
00000cam a2200000Ia 4500 |
| 001 |
in00002417821 |
| 005 |
20151110082542.0 |
| 008 |
080512s2008 at 000 0 eng d |
| 020 |
|
|
|a 9781921361302
|
| 020 |
|
|
|a 1921361301
|
| 029 |
1 |
|
|a AU@
|b 000042717787
|
| 029 |
1 |
|
|a AU@
|b 000043572421
|
| 029 |
1 |
|
|a NZ1
|b 12771466
|
| 035 |
|
|
|a (OCoLC)ocn227931741
|
| 035 |
|
|
|a (OCoLC)227931741
|
| 040 |
|
|
|a BTCTA
|c BTCTA
|d AU@
|d YDXCP
|d BWX
|d TXA
|d UtOrBLW
|
| 049 |
|
|
|a TXAM
|
| 050 |
1 |
4 |
|a PR9619.3.R935
|b S94 2008
|
| 082 |
0 |
4 |
|a A823.3
|2 22
|
| 100 |
1 |
|
|a Ryan, Tracy,
|d 1964-
|
| 245 |
1 |
0 |
|a Sweet /
|c Tracy Ryan.
|
| 264 |
|
1 |
|a North Fremantle, W.A. :
|b Fremantle Press,
|c 2008.
|
| 300 |
|
|
|a 366 pages ;
|c 21 cm.
|
| 336 |
|
|
|a text
|b txt
|2 rdacontent
|
| 337 |
|
|
|a unmediated
|b n
|2 rdamedia
|
| 338 |
|
|
|a volume
|b nc
|2 rdacarrier
|
| 650 |
|
0 |
|a Control (Psychology)
|v Fiction.
|
| 650 |
|
0 |
|a Dependency (Psychology)
|v Fiction.
|
| 650 |
|
0 |
|a Attachment behavior
|v Fiction.
|
| 938 |
|
|
|a Baker and Taylor
|b BTCP
|n BK0007799620
|
| 938 |
|
|
|a Baker & Taylor
|b BKTY
|c 26.95
|d 26.95
|i 1921361301
|n 0007799620
|s active
|
| 938 |
|
|
|a YBP Library Services
|b YANK
|n 2933962
|
| 938 |
|
|
|a Blackwell Book Service
|b BBUS
|n R8764293
|c $26.95
|
| 945 |
|
|
|a PromptCat
|b 649739
|
| 946 |
|
|
|a stk
|
| 947 |
|
|
|a A14839798116
|
| 994 |
|
|
|a C0
|b TXA
|
| 948 |
|
|
|a cataloged
|b h
|c 2009/3/24
|d c
|e jlanham
|f 11:56:13 am
|
| 999 |
|
|
|a MARS
|
| 999 |
f |
f |
|s 4ed7030f-c1fe-381a-a2e7-6cc7aa73500c
|i 3ec73732-dd1e-3ec4-b06b-04e7c0b37fb6
|t 0
|
| 952 |
f |
f |
|p normal
|a Texas A&M University
|b College Station
|c Sterling C. Evans Library
|d Evans: Library Stacks
|t 0
|e PR9619.3.R935 S94 2008
|h Library of Congress classification
|i unmediated -- volume
|m A14839798116
|
| 998 |
f |
f |
|a PR9619.3.R935 S94 2008
|t 0
|l Evans: Library Stacks
|